00348nam a2200133Ia 4500008004100000020001500041041001200056082001600068100001800084245006100102260002500163300000800188650001800196221030s9999 xx 000 0 und d a8120308999 aEnglish a105.23bRob aS. P. Robbins 0aEssentials of Organizational Bahaviourcby S. P. Robbins bPHIaNew Delhic2002 a294 aBE Management